|
|
|
|
| LEADER |
00000nab a2200000ua 4500 |
| 001 |
vtls010781749 |
| 003 |
SK-MaSNL |
| 005 |
20260303153113.0 |
| 008 |
230222s1993 xo |||||||||||||||||eng| |
| 035 |
|
|
|a (urnnbn)urn:nbn:sk:snk:ar-a0298s
|
| 035 |
|
|
|a (uuid)b71fdba2-fb5e-44da-affd-be19a17ded19
|
| 035 |
|
|
|a urn:nbn:sk:snk-ab4i63
|
| 040 |
|
|
|a SNKBUCL
|b slo
|c SNKBUCL
|e AACR2
|
| 041 |
0 |
|
|a eng
|
| 044 |
|
|
|a xo
|c SK
|
| 100 |
1 |
|
|a Gallo, J.
|4 aut
|9 740511
|
| 245 |
1 |
0 |
|a DETERMINATION OF BROAD BEAN STAIN VIRUS SEROTYPES BY ENZYME - LINKED IMMUNOSORBENT ASSAY
|c J. Gallo, M. Musil
|
| 700 |
1 |
|
|a Musil, Miloš,
|d 1931-
|4 aut
|9 37775
|
| 773 |
0 |
|
|t Acta virologica : international journal
|g Roč. 37, č. 4 (1993), s. [265]-270
|
| 958 |
|
|
|a OND
|
| 958 |
|
|
|a EUIPO
|
| 958 |
|
|
|a article3
|
| 999 |
|
|
|c 2026513
|d 2028443
|